AIDS in Africa and the Caribbean, / (Record no. 987)

MARC details
000 -LEADER
fixed length control field 01419cam a2200349 a 4500
001 - CONTROL NUMBER
control field 4961360
003 - CONTROL NUMBER IDENTIFIER
control field OSt
005 - DATE AND TIME OF LATEST TRANSACTION
control field 20150123154528.0
008 - FIXED-LENGTH DATA ELEMENTS--GENERAL INFORMATION
fixed length control field 970212s1997 cou b 101 0 eng
010 ## - LIBRARY OF CONGRESS CONTROL NUMBER
LC control number 97009642
020 ## - INTERNATIONAL STANDARD BOOK NUMBER
International Standard Book Number 0813328780 (HC)
020 ## - INTERNATIONAL STANDARD BOOK NUMBER
International Standard Book Number 0813328799 (PB)
040 ## - CATALOGING SOURCE
Original cataloging agency DLC
Transcribing agency DLC
Modifying agency DLC
043 ## - GEOGRAPHIC AREA CODE
Geographic area code cc-----
-- f------
050 00 - LIBRARY OF CONGRESS CALL NUMBER
Classification number RA644.A25
Item number A36346 1997
082 00 - DEWEY DECIMAL CLASSIFICATION NUMBER
Classification number QW 551 AID 1997
Edition number 21
245 00 - TITLE STATEMENT
Title AIDS in Africa and the Caribbean, /
Statement of responsibility, etc. edited by George C. Bond ... [et al.].
260 ## - PUBLICATION, DISTRIBUTION, ETC. (IMPRINT)
Place of publication, distribution, etc. Boulder, Colo. :
Name of publisher, distributor, etc. Westview Press,
Date of publication, distribution, etc. 1997.
300 ## - PHYSICAL DESCRIPTION
Extent xv, 234 p. ;
Dimensions 24 cm.
500 ## - GENERAL NOTE
General note Based on a conference held in New York in November 1991.
504 ## - BIBLIOGRAPHY, ETC. NOTE
Bibliography, etc Includes bibliographical references (p. 195-217) and index.
650 #0 - SUBJECT ADDED ENTRY--TOPICAL TERM
Topical term or geographic name as entry element AIDS (Disease)
Geographic subdivision Caribbean Area.
9 (RLIN) 2658
650 #0 - SUBJECT ADDED ENTRY--TOPICAL TERM
Topical term or geographic name as entry element AIDS (Disease)
Geographic subdivision Africa.
9 (RLIN) 2659
650 #0 - SUBJECT ADDED ENTRY--TOPICAL TERM
Topical term or geographic name as entry element Medical anthropology
Geographic subdivision Caribbean Area.
9 (RLIN) 2660
650 #0 - SUBJECT ADDED ENTRY--TOPICAL TERM
Topical term or geographic name as entry element Medical anthropology
Geographic subdivision Africa.
9 (RLIN) 2661
700 1# - ADDED ENTRY--PERSONAL NAME
Personal name Bond, George C.
9 (RLIN) 2662
856 42 - ELECTRONIC LOCATION AND ACCESS
Materials specified Contributor biographical information
Uniform Resource Identifier http://www.loc.gov/catdir/enhancements/fy0831/97009642-b.html
856 42 - ELECTRONIC LOCATION AND ACCESS
Materials specified Publisher description
Uniform Resource Identifier http://www.loc.gov/catdir/enhancements/fy0831/97009642-d.html
906 ## - LOCAL DATA ELEMENT F, LDF (RLIN)
a 7
b cbc
c orignew
d 1
e ocip
f 19
g y-gencatlg
942 ## - ADDED ENTRY ELEMENTS (KOHA)
Source of classification or shelving scheme Other/Generic Classification Scheme
Koha item type Short Loan
Holdings
Withdrawn status Lost status Source of classification or shelving scheme Damaged status Not for loan Home library Current library Date acquired Source of acquisition Inventory number Total Checkouts Full call number Barcode Date last seen Price effective from Koha item type
    Other/Generic Classification Scheme     MUST Main Library MUST Main Library 23/01/2015   2003/18501   QW 551 AID 1997 2015-0236 23/01/2015 23/01/2015 Short Loan